00789cam a22002537a 4500003000500000005001700005008004100022010000900063011000900072035000900081040000900090082001700099100003400116245004600150260006400196300001900260490004900279500001000328650002700338700003300365700002900398710005900427830004900486CHAP20220329133325.0971013s1987 mx a r 00010 spa d a4916 a5888 a5104 cCHAP04a027.009bV3800aVázquez Mantecón, Carmen.14aLas bibliotecas mexicanas en el siglo XIX aMéxico, D.F. :bDirección General de Bibliotecas,c1987 a254 p.b: ilus 0aHistoria de las bibliotecas en Méxicov; 2 a55-4714aBibliotecasxHistoria.0 aFlamenco Ramírez, Alfonso.0 aHerrero Bervera, Carlos.0 aPrograma Nacional de Bibliotecas Públicas. México.0 aHistoria de las bibliotecas en Méxicov; 2